企業計画と研究開発:ケース・スタディによる研究開発の効率化のための手順とその方法(昭和48年8月)
Enregistré dans:
| Collectivité auteur: | |
|---|---|
| Format: | Livre |
| Langue: | Undetermined |
| Publié: |
東京
科学技術と経済の会
1973
|
| Sujets: | |
| Tags: |
Ajouter un tag
Pas de tags, Soyez le premier à ajouter un tag!
|
| Thư viện lưu trữ: | Trung tâm Học liệu Trường Đại học Cần Thơ |
|---|
| LEADER | 00628nam a2200181Ia 4500 | ||
|---|---|---|---|
| 001 | CTU_80738 | ||
| 008 | 210402s9999 xx 000 0 und d | ||
| 082 | |a 658.155 | ||
| 082 | |b K12 | ||
| 110 | |a 科学技術と経済の会 | ||
| 245 | 0 | |a 企業計画と研究開発:ケース・スタディによる研究開発の効率化のための手順とその方法(昭和48年8月) | |
| 245 | 0 | |c 科学技術と経済の会 | |
| 260 | |a 東京 | ||
| 260 | |b 科学技術と経済の会 | ||
| 260 | |c 1973 | ||
| 650 | |a Enginerring Economy | ||
| 904 | |i Ngoc,Hải | ||
| 980 | |a Trung tâm Học liệu Trường Đại học Cần Thơ | ||